| 000 | 00403nam a22001457a 4500 | ||
|---|---|---|---|
| 082 |
_a894.812 _bALE/A |
||
| 100 | _aALEX, GEORGE | ||
| 245 | _aAKBAR MUGAL CHAKRAVARTHI | ||
| 246 |
_aAKBAR MUGAL CHAKRAVARTHI _bAKBAR MUGAL CHAKRAVARTHI |
||
| 260 |
_aTHRISSUR,KERALA, INDIA _bCURRENT BOOKS _c2022 |
||
| 300 | _a58 | ||
| 520 | _aHISTORY OF AKBAR | ||
| 650 | _aMALAYALAM HISTORICAL BOOK OF AKBAR | ||
| 942 | _cBK | ||
| 999 |
_c8654 _d8654 |
||